011040000a22002530004500003001100000005001700011008004100028020001500069040003900084041000800123082001600131245009600147260002900243300003900272490003100311520022600342650004800568650006000616700002200676700004300698942000700741952009100748999001100839LK-CoMWRAF20240120143552.0230817t1999 ||||| |||| 00| 0 eng d a9958958619 aLK-CoMWRAFdLK-CoMWRAFeLK-CoMWRAF aeng a362.82bTOL aTo live with(out) violence :bfinal report violence against women Zenica Bosnia-Herzegovina aZenica:bInfoteka,c1999 a 94 p. : ill. (some color) ; 23 cm a A second look 2--excerpts aExcerpts from the original book written in the Bosnian language by Medica professionals working in the Women's Therapy Center. These professionals relate their experiences in working with these women survivors of violence aAbused women-Bosnia and Herzegovina- Zenica aWomen, Violence against- Bosnia and Herzegovina- Zenica aPeele, Hollyeed. aAndrić-Ružičić, Duška eed. cBK 00104070aMAINbMAINd2023-08-17l0o362.88 TOLpRAF3962r2023-08-17w2023-08-17yBK c49d49